Balance negociación colectiva
Guardado en:
| Autor Corporativo: | |
|---|---|
| Formato: | Texto |
| Publicado: |
Madrid:
CC.OO
|
| Etiquetas: |
Agregar Etiqueta
Sin Etiquetas, Sea el primero en etiquetar este registro!
|
MARC
| LEADER | 00000 a a2200000 04500 | ||
|---|---|---|---|
| 001 | 23798 | ||
| 003 | |||
| 040 | |||
| 090 | |a 168400 | ||
| 110 | |a Confederación Sindical de Comisiones Obreras | ||
| 245 | |a Balance negociación colectiva | ||
| 260 | |a Madrid: |b CC.OO | ||
| 300 | |a 37 p. |b **no definido** | ||
| 999 | |c 9905 |d 9905 | ||
